[Event "DSOL 03 Liga Gr-D 1st"]
[Site "Playchess.com INT"]
[Date "2020.07.16"]
[Round "4.2"]
[White "Beckmann, David"]
[Black "Schnegelsberg, Karl Heinz"]
[Result "1-0"]
[WhiteElo "2003"]
[BlackElo "1869"]
[PlyCount "95"]
[EventDate "2020.06.22"]
[EventType "team-tourn (rapid)"]
[EventCountry "GER"]
[SourceTitle "EXT 2021"]
[Source "ChessBase"]
[SourceDate "2020.10.23"]
[SourceVersion "1"]
[SourceVersionDate "2020.10.23"]
[SourceQuality "1"]
[WhiteTeam "Borken"]
[BlackTeam "Kassel Caissa"]
[WhiteTeamCountry "GER"]
[BlackTeamCountry "GER"]

1. d4 Nf6 2. Nf3 g6 3. g3 Bg7 4. Bg2 0-0 5. 0-0 d5 6. c4 dxc4 7. Nc3 c6 8. a4 h6 9. e4 Be6 10. Be3 a5 11. Qc2 Na6 12. Na2 b5 13. Ne5 Rc8 14. Rad1 b4 15. Nxc4 Ng4 16. b3 Nxe3 17. fxe3 Qc7 18. Nc1 Bg4 19. Rd2 Rcd8 20. Nd3 Bc8 21. Nde5 c5 22. Nf3 cxd4 23. exd4 h5 24. Rfd1 Bg4 25. Qb2 Nc5 26. Qb1 Nxa4 27. Qa1 Nc3 28. Re1 a4 29. Nce5 a3 30. Bf1 Bc8 31. Bc4 Bb7 32. Nxg6 Bxe4 33. Nfe5 Bxg6 34. Nxg6 Rxd4 35. Nxe7+ Qxe7 36. Rxe7 Rxd2 37. Qf1 Rd1 38. Re1 Rxe1 39. Qxe1 Rd8 40. Qe7 Rf8 41. Kg2 a2 42. Qa7 Kh8 43. Qa5 f5 44. h3 Kh7 45. g4 Kg6 46. Bd3 Kg5 47. Bxf5 Kh4 48. Bg6 1-0

[Event "Vellmar op 11th"]
[Site "Vellmar"]
[Date "2019.07.05"]
[Round "2"]
[White "Keller, Peter1"]
[Black "Schnegelsberg, Karl Heinz"]
[Result "1-0"]
[WhiteElo "2279"]
[BlackElo "2043"]
[PlyCount "47"]
[EventDate "2019.07.04"]
[EventType "swiss"]
[EventRounds "7"]
[EventCountry "GER"]
[SourceTitle "CBM 191 Extra"]
[Source "ChessBase"]
[SourceDate "2019.09.30"]
[SourceVersion "1"]
[SourceVersionDate "2019.09.30"]
[SourceQuality "1"]

1. e4 e6 2. d4 d5 3. Nc3 Bb4 4. e5 c5 5. a3 Bxc3+ 6. bxc3 Ne7 7. Qg4 cxd4 8. Qxg7 Rg8 9. Qxh7 Nbc6 10. Ne2 Qc7 11. f4 dxc3 12. h4 d4 13. h5 Bd7 14. h6 0-0-0 15. Qd3 Kb8 16. h7 Rh8 17. Rb1 Ka8 18. g4 Nxe5 19. fxe5 Ng6 20. Rh5 Nxe5 21. Rxe5 Qxe5 22. Bg2 Bc8 23. Bf4 Qg7 24. Rxb7 1-0

[Event "Vellmar op 9th"]
[Site "Vellmar"]
[Date "2017.07.14"]
[Round "3"]
[White "Schnegelsberg, Karl Heinz"]
[Black "Woellenstein, Sebastian"]
[Result "1-0"]
[WhiteElo "1973"]
[BlackElo "1736"]
[PlyCount "68"]
[EventDate "2017.07.13"]
[EventType "swiss"]
[EventRounds "7"]
[EventCountry "GER"]
[SourceTitle "CBM 179 Extra"]
[Source "ChessBase"]
[SourceDate "2017.08.23"]
[SourceVersion "1"]
[SourceVersionDate "2017.08.23"]
[SourceQuality "1"]

1. Nf3 c5 2. g3 g6 3. e4 d6 4. Bg2 Bg7 5. 0-0 Nc6 6. c3 e6 7. d3 Nge7 8. Re1 Rb8 9. a4 b6 10. Na3 0-0 11. h4 Bb7 12. h5 d5 13. h6 Bh8 14. Qe2 d4 15. cxd4 Nxd4 16. Nxd4 Bxd4 17. Nb5 Bh8 18. Nxa7 Ba6 19. Ra3 Qd7 20. Nb5 Bxb5 21. axb5 Qxb5 22. Bg5 Nc6 23. e5 Nxe5 24. Bf4 f6 25. Rea1 Rbd8 26. Bxe5 fxe5 27. Be4 Rd4 28. Qg4 Re8 29. Ra8 Rdd8 30. Rxd8 Rxd8 31. Qxe6+ Kf8 32. Bc6 Qxd3 33. Ra7 Qf5 34. Qe7+ Kg8 1-0

[Event "Vellmar op 9th"]
[Site "Vellmar"]
[Date "2017.07.14"]
[Round "2"]
[White "Schulze, Lara"]
[Black "Schnegelsberg, Karl Heinz"]
[Result "1-0"]
[WhiteElo "2141"]
[BlackElo "1973"]
[PlyCount "121"]
[EventDate "2017.07.13"]
[EventType "swiss"]
[EventRounds "7"]
[EventCountry "GER"]
[SourceTitle "CBM 179 Extra"]
[Source "ChessBase"]
[SourceDate "2017.08.23"]
[SourceVersion "1"]
[SourceVersionDate "2017.08.23"]
[SourceQuality "1"]

1. e4 e6 2. d4 d5 3. Nd2 Nf6 4. e5 Nfd7 5. Bd3 c5 6. c3 Nc6 7. Ne2 cxd4 8. cxd4 f6 9. exf6 Nxf6 10. 0-0 Bd6 11. Nf3 Qc7 12. h3 0-0 13. Re1 e5 14. dxe5 Nxe5 15. Ned4 Nxd3 16. Qxd3 Qc4 17. Qd1 Bd7 18. Be3 Rae8 19. a3 Qa6 20. Qb3 Ba4 21. Qa2 Bb8 22. Bg5 Kh8 23. Bxf6 Qxf6 24. Rxe8 Rxe8 25. Qxd5 h6 26. Qxb7 Rd8 27. Re1 Qf4 28. Qe4 Qxe4 29. Rxe4 Kh7 30. g3 g5 31. b3 Be8 32. Kg2 Bf7 33. Re7 Kg8 34. b4 Kf8 35. Re6 h5 36. g4 Bf4 37. Ra6 Rd7 38. Ne6+ Ke7 39. Nfxg5 Be5 40. Nxf7 Kxf7 41. Nc5 Re7 42. Nd3 Bb8 43. Rh6 hxg4 44. hxg4 Kg7 45. Ra6 Re4 46. Kh3 Rd4 47. Nc5 Rc4 48. Kh4 Kf7 49. Kg5 Bf4+ 50. Kf5 Bb8 51. Ne6 Rc3 52. f4 Ke7 53. Nd4 Kd7 54. g5 Rc8 55. Rf6 Bd6 56. Rf7+ Be7 57. Ke5 Ke8 58. Rh7 Rc3 59. Nf5 Bd8 60. Ke6 Rc6+ 61. Nd6+ 1-0

[Event "Korbach op 8th"]
[Site "Korbach"]
[Date "2016.10.21"]
[Round "3"]
[White "Schmidt, Andre"]
[Black "Schnegelsberg, Karl Heinz"]
[Result "1-0"]
[WhiteElo "2132"]
[BlackElo "1973"]
[PlyCount "57"]
[EventDate "2016.10.20"]
[EventType "swiss"]
[EventRounds "7"]
[EventCountry "GER"]
[SourceTitle "CBM 175 Extra"]
[Source "ChessBase"]
[SourceDate "2016.12.12"]
[SourceVersion "1"]
[SourceVersionDate "2016.12.12"]
[SourceQuality "1"]

1. d4 Nf6 2. c4 g6 3. Nc3 d5 4. cxd5 Nxd5 5. Bd2 Bg7 6. e4 Nb6 7. Be3 0-0 8. Be2 Nc6 9. d5 Ne5 10. Bd4 f5 11. f4 Nf7 12. Bxg7 Kxg7 13. e5 e6 14. dxe6 Bxe6 15. Nf3 Qe7 16. Qd4 c5 17. Qf2 Rad8 18. 0-0 Bc4 19. Bxc4 Nxc4 20. b3 Na5 21. Rfe1 Nc6 22. e6 Nh6 23. Ng5 Rd4 24. Nb5 Rb4 25. Rad1 Rd8 26. Rxd8 Nxd8 27. Qb2+ Kg8 28. Nd6 Nc6 29. Ndf7 1-0

[Event "Korbach op 8th"]
[Site "Korbach"]
[Date "2016.10.20"]
[Round "1"]
[White "Pap, Misa"]
[Black "Schnegelsberg, Karl Heinz"]
[Result "1-0"]
[WhiteElo "2489"]
[BlackElo "1973"]
[PlyCount "91"]
[EventDate "2016.10.20"]
[EventType "swiss"]
[EventRounds "7"]
[EventCountry "GER"]
[SourceTitle "CBM 175 Extra"]
[Source "ChessBase"]
[SourceDate "2016.12.12"]
[SourceVersion "1"]
[SourceVersionDate "2016.12.12"]
[SourceQuality "1"]

1. e4 e6 2. d4 d5 3. Nd2 Nf6 4. e5 Nfd7 5. f4 c5 6. c3 Nc6 7. Ndf3 Be7 8. Bd3 Rb8 9. Ne2 b5 10. 0-0 a5 11. f5 exf5 12. Bxf5 Nf8 13. Bc2 Ne6 14. Be3 0-0 15. Qd3 g6 16. Bh6 Ng7 17. Qd2 b4 18. Nf4 bxc3 19. bxc3 Rb2 20. Nd3 Rxc2 21. Qxc2 Bf5 22. Qd2 cxd4 23. Nxd4 Nxd4 24. cxd4 Qb6 25. Be3 Rb8 26. Rac1 a4 27. Nc5 Qb5 28. Qd1 Qb2 29. Nxa4 Qxa2 30. Rf2 Qb3 31. Qxb3 Rxb3 32. Rc3 Rb4 33. Nc5 f6 34. exf6 Bxf6 35. Rd2 Ne8 36. Rb3 Rc4 37. Rb8 Kf7 38. Rb7+ Kg8 39. Nd7 Bg7 40. Ne5 Rc8 41. Rdb2 Bf8 42. Rb8 Nd6 43. Rxc8 Nxc8 44. Rb8 Bd6 45. Rb7 Be6 46. Bg5 1-0

[Event "Vellmar op 8th"]
[Site "Vellmar"]
[Date "2016.07.29"]
[Round "2"]
[White "Schnegelsberg, Karl Heinz"]
[Black "Bethke, Richard"]
[Result "0-1"]
[WhiteElo "1990"]
[BlackElo "1800"]
[PlyCount "78"]
[EventDate "2016.07.28"]
[EventType "swiss"]
[EventRounds "7"]
[EventCountry "GER"]
[SourceTitle "CBM 173 Extra"]
[Source "ChessBase"]
[SourceDate "2016.08.29"]
[SourceVersion "1"]
[SourceVersionDate "2016.08.29"]
[SourceQuality "1"]

1. Nf3 d5 2. d3 Nf6 3. Nbd2 Bf5 4. g3 h6 5. Bg2 e6 6. 0-0 Be7 7. c4 Nbd7 8. cxd5 exd5 9. Nd4 Bh7 10. a3 0-0 11. b4 c6 12. N2b3 Rc8 13. Na5 Qb6 14. Be3 Qc7 15. Rc1 Ng4 16. Bf4 Qb6 17. Ndb3 Bg5 18. Bxg5 hxg5 19. Nc5 Nxc5 20. Rxc5 Ne5 21. Qc1 Bxd3 22. Bxd5 Bxe2 23. Nc4 Nxc4 24. Bxc4 Bxf1 25. Kxf1 Qd8 26. Rxg5 Qd4 27. h4 Rcd8 28. Kg2 Rd6 29. Qc2 b5 30. Bb3 Re8 31. Rf5 Rf6 32. Rc5 Qe4+ 33. Qxe4 Rxe4 34. Rc2 Rd4 35. Re2 Kf8 36. Bc2 Rc4 37. Be4 Re6 38. f3 f5 39. Bd3 Rxe2+ 0-1

[Event "GER Cup 1516 final"]
[Site "Halle"]
[Date "2016.05.28"]
[Round "5"]
[White "Hegermann, Frank"]
[Black "Schnegelsberg, Karl Heinz"]
[Result "1-0"]
[WhiteElo "2083"]
[BlackElo "1999"]
[PlyCount "83"]
[EventDate "2016.05.26"]
[EventType "swiss"]
[EventRounds "5"]
[EventCountry "GER"]
[SourceTitle "EXT 2019"]
[Source "ChessBase"]
[SourceDate "2018.10.10"]
[SourceVersion "1"]
[SourceVersionDate "2018.10.10"]
[SourceQuality "1"]

1. d4 Nf6 2. Nf3 g6 3. c4 Bg7 4. Nc3 d5 5. e3 0-0 6. b4 b6 7. Qb3 dxc4 8. Bxc4 c5 9. bxc5 bxc5 10. Ba3 Nc6 11. Bxc5 Na5 12. Qa4 Nxc4 13. Qxc4 Be6 14. Qb4 Nd5 15. Nxd5 Qxd5 16. 0-0 Rfc8 17. Rfc1 Rab8 18. Qa3 h6 19. Rab1 Kh7 20. Rxb8 Rxb8 21. Bxe7 Qxa2 22. Qxa2 Bxa2 23. Ne1 Bb1 24. Kf1 Rb7 25. Bc5 a5 26. Nc2 Bf6 27. Ke2 Bd8 28. Kd2 Ba2 29. Ra1 Be6 30. e4 Rb3 31. d5 Bd7 32. Nd4 Rb2+ 33. Kc3 Rxf2 34. Nc6 Bf6+ 35. e5 Rf5 36. Bd4 Bxc6 37. dxc6 Bd8 38. Kc4 Bc7 39. Rb1 Rf4 40. Kd5 Rf5 41. Rb7 Bd8 42. Rd7 1-0

[Event "GER Cup 1516 final"]
[Site "Halle"]
[Date "2016.05.27"]
[Round "3"]
[White "Schulz, Gert"]
[Black "Schnegelsberg, Karl Heinz"]
[Result "0-1"]
[WhiteElo "2022"]
[BlackElo "1999"]
[PlyCount "82"]
[EventDate "2016.05.26"]
[EventType "swiss"]
[EventRounds "5"]
[EventCountry "GER"]
[SourceTitle "EXT 2019"]
[Source "ChessBase"]
[SourceDate "2018.10.10"]
[SourceVersion "1"]
[SourceVersionDate "2018.10.10"]
[SourceQuality "1"]

1. d4 Nf6 2. c4 g6 3. Nc3 d5 4. Nf3 Bg7 5. Bg5 Ne4 6. cxd5 Nxg5 7. Nxg5 e6 8. Qd2 exd5 9. Qe3+ Kf8 10. Qf4 Bf6 11. h4 Kg7 12. 0-0-0 h6 13. Nf3 Be6 14. e3 Nd7 15. Bd3 c6 16. g4 Qb8 17. Qxb8 Raxb8 18. Rdg1 Be7 19. Ne2 Nf6 20. Nh2 Ne4 21. Bxe4 dxe4 22. Nc3 Bxh4 23. Rg2 Rbe8 24. Nf1 Bg5 25. Nd2 f5 26. gxf5 gxf5 27. f4 exf3 28. Nxf3 Kf6 29. Nxg5 hxg5 30. Rhg1 Rh5 31. Kd2 Reh8 32. a3 Rh2 33. Na4 Bd5 34. Rxh2 Rxh2+ 35. Kc3 b6 36. b3 Rh3 37. Kd2 Bxb3 38. Nc3 Rh2+ 39. Kd3 b5 40. e4 Bc4+ 41. Ke3 f4+ 0-1

[Event "Hessen-ch Seniors op 12th"]
[Site "Bad Sooden-Allendorf"]
[Date "2016.05.03"]
[Round "4"]
[White "Schnegelsberg, Karl Heinz"]
[Black "Zunker, Reinhard"]
[Result "0-1"]
[WhiteElo "1990"]
[BlackElo "2118"]
[PlyCount "52"]
[EventDate "2016.04.30"]
[EventType "swiss"]
[EventRounds "9"]
[EventCountry "GER"]
[SourceTitle "EXT 2019"]
[Source "ChessBase"]
[SourceDate "2018.10.10"]
[SourceVersion "1"]
[SourceVersionDate "2018.10.10"]
[SourceQuality "1"]

1. e4 c5 2. Nf3 Nc6 3. g3 g6 4. Bg2 Bg7 5. 0-0 e5 6. d3 Nge7 7. c3 0-0 8. a3 d6 9. b4 h6 10. b5 Na5 11. Nbd2 d5 12. Qe2 Be6 13. Bb2 d4 14. cxd4 cxd4 15. Rfc1 Qd7 16. a4 Rfc8 17. Ba3 a6 18. Qd1 axb5 19. axb5 b6 20. Bb4 Rxc1 21. Rxc1 Nc8 22. Qa4 Ra7 23. Bf1 Kh7 24. Be2 Nb3 25. Qxb3 Bxb3 26. Nxb3 Qxb5 0-1

[Event "GER Seniors Derby 15th"]
[Site "Wesel Undeloh"]
[Date "2016.04.08"]
[Round "5"]
[White "Schoppe, Gottfried"]
[Black "Schnegelsberg, Karl Heinz"]
[Result "1/2-1/2"]
[WhiteElo "1623"]
[BlackElo "1987"]
[PlyCount "110"]
[EventDate "2016.04.06"]
[EventType "swiss"]
[EventRounds "9"]
[EventCountry "GER"]
[SourceTitle "EXT 2019"]
[Source "ChessBase"]
[SourceDate "2018.10.10"]
[SourceVersion "1"]
[SourceVersionDate "2018.10.10"]
[SourceQuality "1"]

1. e4 e6 2. d4 d5 3. Nc3 Bb4 4. Bd3 dxe4 5. Bxe4 Nf6 6. Bf3 c5 7. Be3 cxd4 8. Qxd4 Qa5 9. Nge2 Nc6 10. Bxc6+ bxc6 11. a3 Be7 12. 0-0 e5 13. Qd1 0-0 14. h3 Be6 15. Qe1 Qc7 16. f4 exf4 17. Nxf4 Bc4 18. Rf3 Rad8 19. Qf2 c5 20. b3 Ba6 21. Qe1 Rfe8 22. a4 c4 23. Nb5 Bxb5 24. axb5 cxb3 25. cxb3 Bc5 26. Qf2 Rxe3 27. Rxe3 Re8 28. Nd5 Qe5 29. Nxf6+ gxf6 30. Rxe5 Bxf2+ 31. Kxf2 fxe5 32. Rxa7 Rb8 33. Ra5 Rb6 34. Ke3 Kg7 35. g3 f6 36. Ke4 Kg6 37. b4 h5 38. h4 Rb8 39. Ke3 Kf5 40. Kf3 Rb6 41. g4+ hxg4+ 42. Kg3 Rb8 43. h5 Kg5 44. h6 f5 45. h7 f4+ 46. Kg2 Kh4 47. b6 e4 48. b7 f3+ 49. Kf1 Rd8 50. Rd5 Re8 51. Re5 Rd8 52. Rxe4 Kg3 53. Rd4 Rf8 54. Rc4 Rd8 55. Rd4 Rf8 1/2-1/2

[Event "Vellmar op 7th"]
[Site "Vellmar"]
[Date "2015.08.09"]
[Round "6"]
[White "Schnegelsberg, Karl Heinz"]
[Black "Verhoef, Ruud"]
[Result "1-0"]
[WhiteElo "2006"]
[BlackElo "1911"]
[PlyCount "27"]
[EventDate "2015.08.06"]
[EventType "swiss"]
[EventRounds "7"]
[EventCountry "GER"]
[SourceTitle "CBM 167 Extra"]
[Source "ChessBase"]
[SourceDate "2015.09.14"]
[SourceVersion "1"]
[SourceVersionDate "2015.09.14"]
[SourceQuality "1"]

1. Nf3 b6 2. e4 Bb7 3. Nc3 d6 4. Bc4 Nd7 5. 0-0 e6 6. d4 Be7 7. a4 e5 8. a5 bxa5 9. dxe5 Nxe5 10. Nxe5 dxe5 11. Qh5 Kd7 12. Qf5+ Kc6 13. Bd5+ Kb6 14. Na4+ 1-0

[Event "Vellmar op 7th"]
[Site "Vellmar"]
[Date "2015.08.07"]
[Round "2"]
[White "Schnegelsberg, Karl Heinz"]
[Black "Bauch, Frank"]
[Result "0-1"]
[WhiteElo "2006"]
[BlackElo "1899"]
[PlyCount "59"]
[EventDate "2015.08.06"]
[EventType "swiss"]
[EventRounds "7"]
[EventCountry "GER"]
[SourceTitle "CBM 167 Extra"]
[Source "ChessBase"]
[SourceDate "2015.09.14"]
[SourceVersion "1"]
[SourceVersionDate "2015.09.14"]
[SourceQuality "1"]

1. Nf3 Nf6 2. g3 b6 3. Bg2 Bb7 4. d3 d5 5. 0-0 g6 6. Nbd2 Bg7 7. e4 dxe4 8. Ng5 0-0 9. Ngxe4 Nxe4 10. dxe4 Nd7 11. Re1 e5 12. Qe2 Nc5 13. h4 h5 14. Nc4 Ne6 15. c3 Qe7 16. Ne3 c6 17. Nc4 Ba6 18. Bf1 Rfd8 19. Qc2 b5 20. Na5 Qc7 21. b4 c5 22. a4 cxb4 23. axb5 Nd4 24. Qa2 Nf3+ 25. Kh1 Nxe1 26. Bg5 Qxc3 27. Bxd8 Rxd8 28. Qb1 Qf3+ 29. Kg1 Qc3 30. Kh1 0-1